000 00454nam a2200205Ia 4500
003 0100
008 130303s9999 xx 000 0 und d
020 _a0435901540
040 _cARRUPELIB
050 _aPR9379.9.A7F7 1974
100 _aArmah, Ayi Kwei
245 _aFragments
260 _aLondon
260 _bHeinemann
260 _C1974
300 _a287p.
300 _b 19cm.
440 _aAfrican Writers Series no. 154
942 0 0 _01
999 _c34542
_d34542